Normal view MARC view
  • Bélgica

Entry Nombre Geográfico

Number of records used in: 1

001 - NÚMERO DE CONTROL

  • campo de control: 3469

003 - IDENTIFICADOR DE NUMERO DE CONTROL

  • campo de control: MX-MxUPN

005 - FECHA Y HORA DE LA ÜLTIMA TRANSACCIÓN

  • campo de control: 20240904165201.0

008 - DATOS DE LONGITUD FIJA

  • campo de control de longitud fija: 240904nn|acnnnaabn | ana |d

035 ## - NÚMERO DE CONTROL

  • Número de control: UPN10000003469

040 ## - FUENTE DE CATALOGACIÓN

  • Lenguaje de catalogación: spa
  • Agencia de transcripción: MX-MxUPN
  • Agencia de catalogación original: MX-MxUPN

151 ## - ENCABEZAMIENTO - NOMBRE GEOGRÁFICO

  • Nombre geográfico: Bélgica
  • Subdivisión general : Vida intelectual

670 ## - FUENTE EN LA QUE SE LOCALIZARON DATOS

  • Cita de la fuente: Autoridades BGTQ, 04 septiembre 2024 :
  • Información localizada: (Bélgica - Vida intelectual)

902 ## - CATALOGADOR

  • Catalogador: MEEG/150197
  • Catalogador: MaríaRobles/040924